MARC details
| 000 -LEADER |
| fixed length control field |
01159cam a2200349 i 4500 |
| 001 - CONTROL NUMBER |
| control field |
200447446 |
| 003 - CONTROL NUMBER IDENTIFIER |
| control field |
TR-AnTOB |
| 005 - DATE AND TIME OF LATEST TRANSACTION |
| control field |
20240829162434.0 |
| 007 - PHYSICAL DESCRIPTION FIXED FIELD--GENERAL INFORMATION |
| fixed length control field |
ta |
| 008 - FIXED-LENGTH DATA ELEMENTS--GENERAL INFORMATION |
| fixed length control field |
060327s2005 tu a b 100 0 tur |
| 010 ## - LIBRARY OF CONGRESS CONTROL NUMBER |
| LC control number |
2005461236 |
| 020 ## - INTERNATIONAL STANDARD BOOK NUMBER |
| International Standard Book Number |
9756483067 |
| 035 ## - SYSTEM CONTROL NUMBER |
| System control number |
(TR-AnTOB)200447446 |
| 040 ## - CATALOGING SOURCE |
| Original cataloging agency |
DLC |
| Language of cataloging |
eng |
| Description conventions |
rda |
| Transcribing agency |
DLC |
| Modifying agency |
TR-AnTOB |
| 041 0# - LANGUAGE CODE |
| Language code of text/sound track or separate title |
Türkçe |
| 043 ## - GEOGRAPHIC AREA CODE |
| Geographic area code |
a-tu--- |
| 050 00 - LIBRARY OF CONGRESS CALL NUMBER |
| Classification number |
HG5706.5.A3 |
| Item number |
B67 2003 |
| 090 ## - LOCALLY ASSIGNED LC-TYPE CALL NUMBER (OCLC); LOCAL CALL NUMBER (RLIN) |
| Classification number (OCLC) (R) ; Classification number, CALL (RLIN) (NR) |
HG5706.5.A3 |
| Local cutter number (OCLC) ; Book number/undivided call number, CALL (RLIN) |
B67 2003 |
| 245 00 - TITLE STATEMENT |
| Title |
Borsaların ekonomideki yeri ve globalleşme sürecinde yeniden yapılandırılmaları : |
| Remainder of title |
Türkiye için model arayışı : İstanbul, 10 Nisan 2003. |
| 264 #1 - PRODUCTION, PUBLICATION, DISTRIBUTION, MANUFACTURE, AND COPYRIGHT NOTICE |
| Place of production, publication, distribution, manufacture |
İstanbul : |
| Name of producer, publisher, distributor, manufacturer |
TSPAKB, |
| Date of production, publication, distribution, manufacture, or copyright notice |
2003. |
| 300 ## - PHYSICAL DESCRIPTION |
| Extent |
98 pages : |
| Other physical details |
illustrations ; |
| Dimensions |
21 cm |
| 336 ## - CONTENT TYPE |
| Content type term |
text |
| Content type code |
txt |
| Source |
rdacontent |
| 337 ## - MEDIA TYPE |
| Media type term |
unmediated |
| Media type code |
n |
| Source |
rdamedia |
| 338 ## - CARRIER TYPE |
| Carrier type term |
volume |
| Carrier type code |
nc |
| Source |
rdacarrier |
| 490 0# - SERIES STATEMENT |
| Series statement |
TSPAKB ; |
| Volume/sequential designation |
yayın no. 12 |
| 650 #0 - SUBJECT ADDED ENTRY--TOPICAL TERM |
| Topical term or geographic name entry element |
Menkul değerler borsası |
| Geographic subdivision |
Türkiye |
| Form subdivision |
Kongreler |
| 9 (RLIN) |
65227 |
| 651 #0 - SUBJECT ADDED ENTRY--GEOGRAPHIC NAME |
| Geographic name |
Türkiye |
| General subdivision |
Ekonomik durum |
| 9 (RLIN) |
80633 |
| 710 2# - ADDED ENTRY--CORPORATE NAME |
| Corporate name or jurisdiction name as entry element |
Türkiye Sermaye Piyasası Aracı Kuruluşları Birliği |
| 9 (RLIN) |
82740 |
| 942 ## - ADDED ENTRY ELEMENTS (KOHA) |
| Source of classification or shelving scheme |
Library of Congress Classification |
| Koha item type |
Book |